[Event "Collado Villalba op 39th"]
[Site "Collado Villalba"]
[Date "2022.08.27"]
[Round "8"]
[White "Barahona Torrijos, Angel"]
[Black "Lopez Villegas, Rodrigo"]
[Result "1-0"]
[WhiteElo "1772"]
[BlackElo "1423"]
[PlyCount "70"]
[EventDate "2022.08.20"]
[EventType "swiss"]
[EventRounds "9"]
[EventCountry "ESP"]
[SourceTitle "EXT 2023"]
[Source "ChessBase"]
[SourceDate "2022.10.05"]
[SourceVersion "1"]
[SourceVersionDate "2022.10.05"]
[SourceQuality "1"]

1. e4 c6 2. d4 d5 3. f3 dxe4 4. fxe4 e5 5. Nf3 Bg4 6. Bc4 Nd7 7. 0-0 Ngf6 8. Qd3 Bd6 9. Be3 0-0 10. Nbd2 Qe7 11. Rae1 a5 12. a3 Bh5 13. Nh4 Bg6 14. Nxg6 hxg6 15. Nf3 Rad8 16. Nh4 Nd5 17. Nxg6 fxg6 18. exd5 e4 19. dxc6+ Kh8 20. Qd2 Qh4 21. g3 Bxg3 22. hxg3 Qxg3+ 23. Kh1 Ne5 24. Qh2+ Qxh2+ 25. Kxh2 Rxf1 26. Rxf1 Nxc4 27. Bg5 Rc8 28. cxb7 Rb8 29. b3 Nxa3 30. Rf7 Nb5 31. Bf4 Rxb7 32. Rxb7 Nxd4 33. c4 Nf3+ 34. Kg3 g5 35. Be3 Ne5 1-0

[Event "Collado Villalba op 39th"]
[Site "Collado Villalba"]
[Date "2022.08.22"]
[Round "3"]
[White "Anton Ortiz, Javier"]
[Black "Lopez Villegas, Rodrigo"]
[Result "1/2-1/2"]
[WhiteElo "1323"]
[BlackElo "1423"]
[PlyCount "79"]
[EventDate "2022.08.20"]
[EventType "swiss"]
[EventRounds "9"]
[EventCountry "ESP"]
[SourceTitle "EXT 2023"]
[Source "ChessBase"]
[SourceDate "2022.10.05"]
[SourceVersion "1"]
[SourceVersionDate "2022.10.05"]
[SourceQuality "1"]

1. e4 c6 2. d4 d5 3. e5 Bf5 4. Bd3 Bxd3 5. Qxd3 e6 6. Nf3 Qa5+ 7. Bd2 Qa6 8. Qxa6 Nxa6 9. a3 c5 10. c3 Ne7 11. Be3 Nf5 12. Bd2 Be7 13. b4 cxd4 14. cxd4 Nb8 15. 0-0 Nd7 16. Nc3 a6 17. b5 Nb6 18. bxa6 bxa6 19. Ne2 Nc4 20. Bc3 0-0 21. Nd2 Rfc8 22. Nxc4 Rxc4 23. Rfc1 Rac8 24. Bb2 f6 25. exf6 Bxf6 26. Nf4 Rxc1+ 27. Rxc1 Nxd4 28. Kf1 Kf7 29. Nd3 Nc6 30. f3 Bd4 31. Ke2 Ne5 32. Nb4 a5 33. Nc2 Bc5 34. f4 Nc4 35. Kd3 Ke7 36. Nd4 Kd7 37. Nc2 Kc6 38. Nd4+ Bxd4 39. Kxd4 Kb5 40. f5 1/2-1/2